Maquiavelo, Fouché y Balaguer / (Registro nro. 7458)

Detalles MARC
000 -LIDER
fixed length control field 00978nam a2200289 a 4500
001 - NÚMERO DE CONTROL
Identificador de número de control 000012311
003 - IDENTIFICACDOR DE NÚMERO DE CONTROL
control field DO-SdBNP
005 - DATE AND TIME OF LATEST TRANSACTION
control field 20180409113118.0
007 - CAMPOS FIJOS DE DESCRIPCIÓN FÍSICA
fixed length control field 000012311
008 - ELEMENTOS DE LONGITUD FIJA
fixed length control field 091111s1999 dr ac 001 0 spa d
040 ## - FUENTE DE CATALOGACIÓN
Agencia que crea de manera original el registro BPMSU
Idioma de catalogación spa
Agencia que realiza la transcripción BPMSU
082 04 - NÚMERO DE CLASIFICACIÓN DECIMAL DE DEWEY
Classification number 923.2
Item number M297E, 2005
100 1# - ASIENTO PRINCIPAL -- NOMBRE PERSONAL
Nombre personal Encarnación V., Ramón E.
Fechas asociadas con el nombre 1956-
245 10 - MENCIÓN DE TITULO
Título Maquiavelo, Fouché y Balaguer /
Subtítulo Ramón E. Encarnación
260 ## - PUBLICACIÓN, DISTRIBUCIÓN, ETC. (PIE DE IMPRENTA)
Lugar de publicación, distribución, etc Santo Domingo :
Nombre del editor, distribuidor, etc. Editora Wilmer,
Fecha de publicación, distribución, etc 1999
300 ## - DESCRIPCIÓN FÍSICA
Extensión 190 p. :
Otros detalles físicos il., retrs. ;
Dimensiones 21 cm.
600 14 - ENCABEZAMIENTO DE MATERIA--NOMBRE PERSONAL
Nombre personal BALAGUER, JOAQUÍN,
Fechas asociadas con el nombre 1906-2002
600 14 - ENCABEZAMIENTO DE MATERIA--NOMBRE PERSONAL
Nombre personal MAQUIAVELO, NICOLÁS,
Fechas asociadas con el nombre 1469-1527
600 14 - ENCABEZAMIENTO DE MATERIA--NOMBRE PERSONAL
Nombre personal FOUCHÉ, JOSEPH,
Títulos u otras palabras asociadas con el nombre DUQUE DE OTRANTO,
Fechas asociadas con el nombre 1759-1820
910 ## - VALIDACIÓN
Validación Validado. Control de calidad MFF
942 ## - ADDED ENTRY ELEMENTS (KOHA)
Source of classification or shelving scheme Dewey Decimal Classification
Koha item type Libros
945 ## - INFORMACIÓN DE PROCESAMIENTO LOCAL
Información de procesamiento local Remanejado para la BNPHU / BT
956 ## - LOCAL ELECTRONIC LOCATION AND ACCESS (OCLC)
Nombre de host AVARGAS
Número de acceso 10
Información de compresión 20091111
Inicio de sesión BND01
Procesador de solicitud 0950
956 ## - LOCAL ELECTRONIC LOCATION AND ACCESS (OCLC)
Nombre de host VMATEO
Número de acceso 10
Información de compresión 20091113
Inicio de sesión BND01
Procesador de solicitud 1159
956 ## - LOCAL ELECTRONIC LOCATION AND ACCESS (OCLC)
Nombre de host YPOLANCO
Número de acceso 04
Información de compresión 20110617
Inicio de sesión BND01
Procesador de solicitud 1039
956 ## - LOCAL ELECTRONIC LOCATION AND ACCESS (OCLC)
Nombre de host VMATEO
Número de acceso 10
Información de compresión 20150907
Inicio de sesión BPMSU
Procesador de solicitud 00151
Existencias
Withdrawn status Lost status Source of classification or shelving scheme Damaged status Not for loan Collection code Home library Current library Date acquired Total Checkouts Full call number Barcode Date last seen Price effective from Koha item type
    Dewey Decimal Classification     Colección Dominicana Biblioteca Pública Metropolitana Salomé Ureña Biblioteca Pública Metropolitana Salomé Ureña 02/19/2015   923.2 M297E, 2005 BPMSU15040045 02/19/2015 02/19/2015 Libros